Central Library OPAC University of Rajshahi

Trade & industry guide / (Record no. 1218)

MARC details
000 -LEADER
fixed length control field 00814nam a2200241 a 4500
001 - CONTROL NUMBER
control field 1218
003 - CONTROL NUMBER IDENTIFIER
rucl marc code BD-RjUL
005 - DATE AND TIME OF LATEST TRANSACTION
control field 20211208233308.0
008 - FIXED-LENGTH DATA ELEMENTS--GENERAL INFORMATION
fixed length control field 131125s1979uuuub uu r 0 0eng d
035 ## - SYSTEM CONTROL NUMBER
System control number (BD-RjUL)1240
-- (OCoLC)ocm30120448
040 ## - CATALOGING SOURCE
Original cataloging agency DLC
Language of cataloging eng
Transcribing agency DLC
Modifying agency MH
-- OCoLC
-- OCLCO
-- OCoLC
-- BD-RjUL
041 ## - LANGUAGE CODE
Language code of text/sound track or separate title eng
082 00 - DEWEY DECIMAL CLASSIFICATION NUMBER
Classification number 380.10256762
Edition number 19
Author mark and year TRA 1979
245 10 - TITLE STATEMENT
Title Trade & industry guide /
Statement of responsibility, etc. Compiled and edited by A.K. M. Shamsul Huda
260 ## - PUBLICATION, DISTRIBUTION, ETC. (IMPRINT)
Place of publication, distribution, etc. Dacca :
Name of publisher, distributor, etc. Times publication,
Date of publication, distribution, etc. 1979.
300 ## - PHYSICAL DESCRIPTION
Pagination 208 p. :
Illustrations ill. ;
Size 25 cm
650 #0 - SUBJECT ADDED ENTRY--TOPICAL TERM
Topical term or geographic name as entry element Business enterprises
Geographic subdivision Bangladesh
Form subdivision Directories.
9 (RLIN) 3611
Topical term or geographic name as entry element Industries
Geographic subdivision Bangladesh
Form subdivision Directories.
9 (RLIN) 3612
Topical term or geographic name as entry element Manufacturing industries
Geographic subdivision Bangladesh
Form subdivision Directories.
9 (RLIN) 3613
942 ## - ADDED ENTRY ELEMENTS (KOHA)
Source of classification or shelving scheme Dewey Decimal Classification
Koha item type Books
Holdings
Lost status Source of classification or shelving scheme Damaged status Not for loan Collection code Permanent Location Current Location Shelving location Date acquired Source of acquisition Cost, normal purchase price Total Checkouts Full call number Date last seen Copy number Koha item type
  Dewey Decimal Classification   Not For Loan Non-fiction Central Library, University of Rajshahi Central Library, University of Rajshahi Reading Room 20/03/1980 Newmarket Book Shop, Raj. 125.00   380.10256762 TRA 1979 25/11/2013 C-1 Books